000
00309 a2200145 4500
001
156985
040
_c
Escola São Tomás de Aquino
100
_a
BANDEIRA, Manuel
240
1
0
_a
Estrela da manhã
_l
por
245
1
0
_a
Estrela da manhã
300
_a
92
362
0
_a
2012
697
_a
Poesia
942
_c
BK
999
_c
156985
_d
156985